Mammal Orders Found in the United States - Statistics

General Stats
  • This quiz has been taken 2 times
  • The average score is 5 of 8
Answer Stats
Order % Correct
Carnivora
100%
Chiroptera (Bat)
100%
Rodentia
100%
Artiodactyla (Even-toed ungulate)
50%
Cingulata (Armadillo)
50%
Didelphimorphia (Opossum)
50%
Lagomorpha
50%
Eulipotyphla
0%
No matching quizzes found
Score Distribution
Percent of People with Each Score
Percentile by Number Answered
Your Score History
You have not taken this quiz